000 01178nam a22003497a 4500
003 CHAP
005 20220329141203.0
008 971010s1988 r 00010 d
010 _a64048
011 _a65020
035 _a71179
040 _cCHAP
090 _aTesis
100 0 0 _aRivera Rodríguez, Jesús.
_997744
245 _aProyecto para producción caprina en la Sierra Norte de Veracruz
260 _aChapingo, Méx. :
_bEl autor,
_c1988
300 _a132 h
502 _aTesis (Ing. Agrónomo Esp. en Zootecnia) -- UACH. Departamento de Zootecnia
590 _aALEPH
_b10
_c20130110
_lUCH01
_h1348
590 _aBATCH-UPD
_b10
_c20130110
_lUCH01
_h0619
590 _aBATCH-UPD
_b10
_c20130410
_lUCH01
_h0301
590 _aBATCH-UPD
_b10
_c20130914
_lUCH01
_h1508
590 _aCONVERSION
_b10
_c20130109
_lUCH01
_h1335
650 1 4 _aGanado cabrío
_zVeracruz.
_945055
650 1 4 _aGranjas caprinas.
_950403
700 0 _aTun Gamboa, Miguel Angel.
_9115541
710 0 _aUACH. Departamento de Zootecnia.
_9115904
901 _aBK
942 _cTESIS
949 _aR425
_bBC
_cTES
_d-154249
_eTS1
_h20967
_i71179
_si
949 _aR425
_bZ
_cTESBD
_d-3780
_eTS1
_h600
_i71179
_si
999 _c64048
_d64048